Southville International School and Colleges
Your cart is empty.
  • Cart
  • Lists
    Public lists Eva Luna New books Lux_list list_1
    Your lists Log in to create your own lists
  • Log in to your account
  • Your cookies
  • Search history
Southville International School and Colleges
  • Advanced search
  • Recent comments
  • Most popular
  • Libraries

Log in to your account

Log in with GOOGLE


If you do not have an external account, but do have a local account, you can still log in:

  1. Home
  2. MARC view: Creating Drama with 7-11 years old :
Normal view MARC view ISBD view

Creating Drama with 7-11 years old : (Record no. 25006)

[ view plain ]
MARC details
000 -LEADER
fixed length control field 00637nam a2200205 a 4500
005 - DATE AND TIME OF LATEST TRANSACTION
control field 20140310183554.0
008 - FIXED-LENGTH DATA ELEMENTS--GENERAL INFORMATION
fixed length control field 111027s19uu xx 00 eng d
020 ## - INTERNATIONAL STANDARD BOOK NUMBER
International Standard Book Number 9780415483506
050 ## - LIBRARY OF CONGRESS CALL NUMBER
Classification number PN 3171
Item number .T365 2010
100 ## - MAIN ENTRY--PERSONAL NAME
Personal name Tandy, Miles
245 ## - TITLE STATEMENT
Title Creating Drama with 7-11 years old :
Remainder of title lesson ideas to integrate drama into the primary curriculum /
Statement of responsibility, etc Miles Tandy and Jo Howell.
260 ## - PUBLICATION, DISTRIBUTION, ETC. (IMPRINT)
Place of publication, distribution, etc London :
Name of publisher, distributor, etc Routledge,
Date of publication, distribution, etc 2010.
300 ## - PHYSICAL DESCRIPTION
Extent 153 p. :
Other physical details ill. ;
Dimensions 24 cm.
521 ## - TARGET AUDIENCE NOTE
Target audience note
650 ## - SUBJECT ADDED ENTRY--TOPICAL TERM
Topical term or geographic name as entry element Drama in education
650 ## - SUBJECT ADDED ENTRY--TOPICAL TERM
Topical term or geographic name as entry element Drama
General subdivision study and teaching
700 ## - ADDED ENTRY--PERSONAL NAME
Personal name Howell, Jo
942 ## - ADDED ENTRY ELEMENTS (KOHA)
Koha item type Books
Source of classification or shelving scheme Library of Congress Classification
Call number prefix Foreign
Holdings
Withdrawn status Lost status Source of classification or shelving scheme Damaged status Home library Current library Shelving location Date acquired Source of acquisition Cost, normal purchase price Total Checkouts Full call number Barcode Date last seen Copy number Price effective from Koha item type
    Library of Congress Classification   College Library College Library General Circulation Section 10/27/2011 Donation 2889.00   PN 3171 .T365 2010 C13873 05/15/2018 1 10/18/2013 Books

Creating Drama with 7-11 years old :

APA

Tandy M., Howell J., . (2010). Creating Drama with 7-11 years old. London: Routledge.

Chicago

Tandy Miles, Howell Jo, . 2010. Creating Drama with 7-11 years old. London: Routledge.

Harvard

Tandy M., Howell J., . (2010). Creating Drama with 7-11 years old. London: Routledge.

MLA

Tandy Miles, Howell Jo, . Creating Drama with 7-11 years old. London: Routledge. 2010.

  • Place hold
  • Print
  • Cite
  • Add to your cart (remove)
  • Save record
    BIBTEX Dublin Core MARCXML MARC (non-Unicode/MARC-8) MARC (Unicode/UTF-8) MARC (Unicode/UTF-8, Standard) MODS (XML) RIS
  • More searches
    Search for this title in:
    Other Libraries (WorldCat) Other Databases (Google Scholar) Online Stores (Bookfinder.com) Open Library (openlibrary.org)

Exporting to Dublin Core...

SOUTHVILLE LIBRARY

Southville International School and Colleges Library

1281 Tropical Ave. Cor. Luxembourg St., BF Homes International, Las Pinas City

Tel. No. 8256374 / 252358 Loc. 117/146

Powered by Koha